و ا لد ین کے حقوق ا و ر صلہ ر حمی (Record no. 147041)

MARC details
000 -LEADER
fixed length control field 00977nam a22002177a 4500
005 - DATE AND TIME OF LATEST TRANSACTION
control field 20171129111442.0
010 ## - LCCN (DPL NO)
LC control number UR-9863
020 6# - INTERNATIONAL STANDARD BOOK NUMBER
Terms of availability 28.00
035 ## - SYSTEM CONTROL NUMBER
System control number U-8418
037 ## - SOURCE OF ACQUISITION
Source of stock number/acquisition DBAD/PUB
082 ## - DEWEY DECIMAL CLASSIFICATION NUMBER
Classification number 500.0921
100 ## - MAIN ENTRY--PERSONAL NAME
Personal name سید لطف ا للہ قا د ر ی فلا حی
245 ## - TITLE STATEMENT
Title و ا لد ین کے حقوق ا و ر صلہ ر حمی
Statement of responsibility, etc سید لطف ا للہ قا د ر ی فلا حی
246 ## - VARYING FORM OF TITLE
Remainder of title
Title proper/short title Waldain Ke Huqooq Aur Sila Rahmi
250 ## - EDITION STATEMENT
Edition statement byMoulan Sayyid Lutfullah Qadiri Falahi
260 ## - PUBLICATION, DISTRIBUTION, ETC. (IMPRINT)
Place of publication, distribution, etc نئی د لی
Name of publisher, distributor, etc Merkazi Maktaba Islami Publishers
Date of publication, distribution, etc 2013
270 ## - ADDRESS
Address D307,Dawat Nagar,Abul Fazal Enclave,Jamia Nagar ,
City New Delhi
Postal code 110025
Telephone number 01126971652
Fax number -
300 ## - PHYSICAL DESCRIPTION
Extent 72ص
Dimensions 22 Cm.(B.b)
500 ## - GENERAL NOTE
General note دو حصہ
942 ## - ADDED ENTRY ELEMENTS (KOHA)
Source of classification or shelving scheme Dewey Decimal Classification
Item type Urdu Bks
Classification part 500.0921
Call number suffix ق ا د
Edition
Holdings
Withdrawn status Lost status Not for loan Collection code Home library Current library Date acquired Source of acquisition Cost, normal purchase price Full call number Barcode Copy number Cost, replacement price Koha item type
      Non-fiction Central Library Central Library 31/10/2017 DBAD/PUB. 28.00 500.0921 ق ا د U-8418 1 28.00 Urdu Bks

© Delhi Public Library
Hit Counter
free hit counter